000 01077naa a22002897a 4500
001 BR6009448
003 BR-BrBNA
005 20240918173024.0
007 ta
008 230509b bl.||||| |||| 00| 0 por d
040 _aBR-BrBNA
_bpor
_cBiblioteca Nacional de Agricultura
041 _a(Pt)
072 _aF25
_b3840
_bG514
090 _aF25 BR6009448
100 1 _aSchraeder, O.L.
111 1 _a2. Reuniao Brasileira de Ciencia do Solo
_cCampinas, SP (Brazil)
_d11 Jul 1949
245 1 _aO emprego do calcario na correcao dos solos acidos da baixada de Sepetiba [Rio de Janeiro; Brasil]
260 3 _aRio de Janeiro, GB (Brasil):
_c1953.
500 _aAnais da 2. Reuniao Brasileira de Ciencia do Solo Rio de Janeiro, GB (Brasil): 1953. p. 305-318 (BR6009448-AM)F25
650 _aFertilidade do solo
650 _aCalagem
650 _aCalcario
650 _aCorretivo
773 0 _tAnais da 2. Reuniao Brasileira de Ciencia do Solo
_wF25 BR6009448
_gRio de Janeiro, GB (Brasil), 1953. p. 305-318
909 _a202404
_bLucia
_c55
_dLucia Elande
942 _cAM
_2AGRIS
999 _c302531
_d302531